000
00262nam a2200097Ia 4500
008
240331s9999 xx 000 0 und d
082
_b
GOM
100
_a
Gomez, S
245
0
_a
From rights and shame to remedies and change :
_b
gender violence in Sri Lanka
942
_c
L
999
_c
2913
_d
2913